| 000 | 00678nam a2200217Ia 4500 | ||
|---|---|---|---|
| 005 | 20251031144425.0 | ||
| 008 | 210716s2001 xx 000 0 und d | ||
| 020 | _a333936795 | ||
| 040 | _cAIMIT LIBRARY | ||
| 041 | _aeng | ||
| 082 |
_a005.8 _21 _bFADA |
||
| 100 |
_aFadia, Ankit. _9243386 |
||
| 245 |
_aUnofficial guide to ethical hacking / _cBy Ankit Fadia. |
||
| 250 | _a1st ed. | ||
| 260 |
_aNew Delhi : _bMacmillan India Ltd , _c2001. |
||
| 300 |
_axix,608p. ; _bPB _c24.2 cm |
||
| 650 |
_aAdvanced windows hacking _9243387 |
||
| 650 |
_aGetting past the password _9243388 |
||
| 650 |
_aHacking concepts: a deeper approach _9243389 |
||
| 942 |
_2ddc _cBK _e1st _k005.8 FADA |
||
| 999 |
_c184464 _d184464 |
||